[Event "4NCL Division 4 South"]
[Site "Reading, ENG"]
[Date "2017.04.30"]
[Round "10.11"]
[White "Matta, Francesca"]
[Black "Grigoryan, Meri"]
[Result "0-1"]
[WhiteElo "1963"]
[BlackElo "2057"]
[PlyCount "116"]
[EventDate "2017.04.30"]
[WhiteTeam "Oxford 2"]
[BlackTeam "Wood Green MM 2"]

1. d4 d5 2. c4 e5 3. dxe5 d4 4. Nf3 Nc6 5. a3 a5 6. Bf4 Nge7 7. Nbd2 Ng6 8. Bg3
a4 9. e4 dxe3 10. fxe3 Bc5 11. Bf2 Bf5 12. Be2 Ngxe5 13. Nxe5 Nxe5 14. O-O O-O
15. e4 Bxf2+ 16. Rxf2 Bg6 17. Nf3 Ng4 18. Qxd8 Rfxd8 19. Rff1 Ne3 20. Rf2 Bxe4
21. Ne5 f6 22. Nf3 Rd6 23. Rc1 c5 24. h3 Rad8 25. Rc3 Nc2 26. Rf1 Rb6 27. Ne1
Nd4 28. Re3 f5 29. g4 Rxb2 30. Bd1 g6 31. gxf5 gxf5 32. Rg3+ Kh8 33. Nd3 Bxd3
34. Rxd3 Rg8+ 35. Kh1 Rgg2 36. Re1 Rbd2 37. Rxd2 Rxd2 38. Kg1 Kg7 39. Rf1 Kf6
40. Bxa4 Rd3 41. Rb1 Rxa3 42. Bd7 Rb3 43. Ra1 Rxh3 44. Ra7 Rb3 45. Bc8 Nc6 46.
Rxb7 Rxb7 47. Bxb7 Na5 48. Bd5 Ke5 49. Kf2 Kd4 50. Be6 Ke4 51. Bf7 Nb3 52. Kg3
Ke3 53. Bd5 f4+ 54. Kg4 Nd2 55. Kf5 f3 56. Ke5 f2 57. Bg2 Nxc4+ 58. Kd5 Nd2 0-1

[Event "4NCL Division 4 South"]
[Site "Reading, ENG"]
[Date "2017.04.30"]
[Round "10.12"]
[White "Guha, Chirag"]
[Black "Cole, James"]
[Result "1-0"]
[WhiteElo "1922"]
[BlackElo "1982"]
[PlyCount "123"]
[EventDate "2017.04.30"]
[WhiteTeam "Wood Green MM 2"]
[BlackTeam "Oxford 2"]

1. d4 Nf6 2. c4 g6 3. Nf3 Bg7 4. g3 c5 5. Nc3 cxd4 6. Nxd4 Nc6 7. e4 Nxe4 8.
Nxe4 Nxd4 9. Bg2 d6 10. h4 h5 11. Ng5 Qc7 12. O-O Bf5 13. Be3 Nc6 14. c5 dxc5
15. Qb3 O-O 16. Bxc5 Ne5 17. Ba3 Rab8 18. Rac1 Nc6 19. Bd5 Qb6 20. Bxf7+ Kh8
21. Qxb6 axb6 22. Bd5 Bf6 23. Bxc6 bxc6 24. Rxc6 b5 25. Bb4 Ra8 26. a3 Bxb2 {
(=)} 27. Bxe7 Rfe8 28. Bf6+ Bxf6 29. Rxf6 Rxa3 30. Rb6 Rb3 31. Rb7 b4 32. Nf7+
Kg8 33. Nh6+ Kh8 34. Nxf5 gxf5 35. Rc1 Rb2 36. Rc5 f4 37. Rxh5+ Kg8 38. Rg5+
Kh8 39. gxf4 b3 40. Rh5+ Kg8 41. Rhb5 Rf8 42. Rxb3 Rxb3 43. Rxb3 Rxf4 44. Rh3
Kg7 45. Kg2 Kh6 46. Kg3 Ra4 47. Rh1 Kh5 48. f3 Rb4 49. Re1 Rb5 50. Re8 Ra5 51.
Rh8+ Kg6 52. Kg4 Ra4+ 53. f4 Ra1 54. h5+ Kg7 55. Rb8 Rg1+ 56. Kf5 Rh1 57. Rb7+
Kh6 58. Rb6+ Kh7 59. h6 Rh5+ 60. Kg4 Rxh6 {(=)} 61. Rxh6+ Kxh6 62. Kf5 1-0

[Event "4NCL Division 4 South"]
[Site "Reading, ENG"]
[Date "2017.04.30"]
[Round "10.13"]
[White "Cole, Graham"]
[Black "Metcalfe, Charlie P"]
[Result "1/2-1/2"]
[WhiteElo "1842"]
[BlackElo "1750"]
[PlyCount "79"]
[EventDate "2017.04.30"]
[WhiteTeam "Oxford 2"]
[BlackTeam "Wood Green MM 2"]

1. e4 e6 2. d4 d5 3. Nc3 Nf6 4. Bg5 Be7 5. e5 Nfd7 6. h4 a6 7. Qg4 f6 8. Qh5+
g6 9. exf6 Nxf6 10. Qh6 Bf8 11. Bxf6 Qxf6 12. Qd2 Bg7 13. Nf3 Nd7 14. Qe3 c6
15. O-O-O O-O 16. Rd2 e5 17. dxe5 Nxe5 18. Nxe5 Qxe5 19. Qxe5 Bxe5 20. Re2 Bd6
21. Na4 Bf5 22. g3 Bg4 23. Rd2 b5 24. Nc3 Bc5 25. Nd1 Bxd1 26. Kxd1 Bxf2 27.
Rd3 Rae8 28. Be2 d4 29. Rf3 c5 30. Rxf8+ Rxf8 31. g4 c4 32. h5 Rd8 33. hxg6
hxg6 34. Rf1 Bh4 35. Rf3 Kg7 36. a4 Ra8 37. b3 Re8 38. bxc4 bxc4 39. Bxc4 Re1+
40. Kd2 1/2-1/2

[Event "4NCL Division 4 South"]
[Site "Reading, ENG"]
[Date "2017.04.30"]
[Round "10.14"]
[White "Lovell, William Pm"]
[Black "Burrows, Nick"]
[Result "1/2-1/2"]
[WhiteElo "1817"]
[BlackElo "1889"]
[PlyCount "41"]
[EventDate "2017.04.30"]
[WhiteTeam "Wood Green MM 2"]
[BlackTeam "Oxford 2"]

1. d4 f5 2. Nf3 Nf6 3. Bg5 e6 4. Nbd2 Be7 5. Bxf6 Bxf6 6. e4 fxe4 7. Nxe4 Nc6
8. c3 b6 9. Bd3 Bb7 10. O-O Qe7 11. b4 O-O 12. Qc2 d5 13. Nxf6+ gxf6 14. Rfe1
Rae8 15. a4 Kh8 16. Re3 Bc8 17. Bb5 Bd7 18. Nh4 Qf7 19. Rae1 Rg8 20. Qe2 Nd8
21. Bxd7 1/2-1/2

[Event "4NCL Division 4 South"]
[Site "Reading, ENG"]
[Date "2017.04.30"]
[Round "10.15"]
[White "Neatherway, A Philip"]
[Black "Gogna, Aman"]
[Result "1-0"]
[WhiteElo "1858"]
[BlackElo "1727"]
[PlyCount "83"]
[EventDate "2017.04.30"]
[WhiteTeam "Oxford 2"]
[BlackTeam "Wood Green MM 2"]

1. e4 c5 2. Nc3 e6 3. Nf3 a6 4. d4 cxd4 5. Nxd4 Qc7 6. Bd3 Nf6 7. Qe2 d6 8. Be3
Be7 9. a4 Nbd7 10. h3 O-O 11. O-O b6 12. f4 Bb7 13. Nf3 Nc5 14. Bd2 Rac8 15.
Rae1 Rfe8 16. Ng5 h6 17. Nf3 Nxd3 18. cxd3 Nd7 19. Rc1 Qb8 20. Be3 Bf6 21. Qf2
Nc5 22. Rcd1 Bc6 23. a5 b5 24. e5 Be7 25. Qg3 Kh8 26. f5 Bf8 27. f6 Bxf3 28.
Rxf3 g6 29. Qh4 Kh7 30. g4 Qb7 31. Rff1 Qa7 32. b4 g5 33. Qf2 Nxd3 34. Rxd3 Qb8
35. Ne4 dxe5 36. Bxg5 Bxb4 37. Bxh6 Qc7 38. Be3 Rh8 39. Rc1 Qb7 40. Rxc8 Qxc8
41. Qh4+ Kg8 42. Qg5+ 1-0

[Event "4NCL Division 4 South"]
[Site "Reading, ENG"]
[Date "2017.04.30"]
[Round "10.16"]
[White "Gogna, Avi"]
[Black "Tselos, Aristotelis"]
[Result "0-1"]
[WhiteElo "1795"]
[BlackElo "1757"]
[PlyCount "104"]
[EventDate "2017.04.30"]
[WhiteTeam "Wood Green MM 2"]
[BlackTeam "Oxford 2"]

1. d4 d5 2. Nf3 Nf6 3. c4 e6 4. g3 Nbd7 5. Bg2 Be7 6. O-O O-O 7. b3 b6 8. Bb2
Bb7 9. Nbd2 Re8 10. Rc1 Rc8 11. e3 Bd6 12. Ne5 Bxe5 13. dxe5 Ne4 14. Nxe4 dxe4
15. Qg4 Nc5 16. Rfd1 Qe7 17. Ba3 f5 18. exf6 Qxf6 19. Bxc5 bxc5 20. h3 Rf8 21.
Rd2 Rcd8 22. Rcd1 Rde8 23. Bxe4 h5 24. Qg6 Bxe4 25. Qxe4 Rf7 26. Qc6 Ref8 27.
Qxc5 h4 28. g4 Qf3 29. Qg5 Qxh3 30. Qg6 Rf6 31. Qe4 Qf3 32. Qxf3 Rxf3 33. Rf1
R8f7 34. Rd4 Kh7 35. g5 h3 36. Rg4 Kg6 37. Kh2 Kh5 38. Re4 Re7 39. Re5 Kh4 40.
Ra5 Ref7 41. g6 Rxf2+ 42. Rxf2 Rxf2+ 43. Kg1 Re2 44. Re5 Kg4 45. b4 Rxa2 46. b5
Rc2 47. c5 Re2 48. e4 Rd2 49. c6 Rc2 50. Rxe6 Kg3 51. Kf1 h2 52. Re5 h1=R# {
White's scoresheet says ... h1=Q#, Black's has ... h1=R#.} 0-1

[Event "4NCL Division 4 South"]
[Site "Reading, ENG"]
[Date "2017.04.30"]
[Round "10.21"]
[White "Willmoth, Robert F"]
[Black "Foley, John P"]
[Result "1-0"]
[WhiteElo "2282"]
[BlackElo "1952"]
[PlyCount "95"]
[EventDate "2017.04.30"]
[WhiteTeam "Barnet Knights 1"]
[BlackTeam "CSC Rhinos (2)"]

1. d4 d5 2. c4 c6 3. Nf3 Nf6 4. e3 g6 5. Nc3 Bg7 6. Be2 O-O 7. O-O Bg4 8. b3
Nbd7 9. Bb2 Re8 10. Rc1 a6 11. h3 Bxf3 12. Bxf3 e6 13. Qd2 Rc8 14. e4 dxe4 15.
Nxe4 Nxe4 16. Bxe4 Nf6 17. Bf3 e5 18. Rfd1 exd4 19. Bxd4 Rc7 20. Qb2 Rd7 21.
Bc3 Rxd1+ 22. Rxd1 Qe7 23. g3 Kh8 24. Kg2 Rg8 25. Re1 Qd8 26. b4 Ne8 27. b5
axb5 28. cxb5 cxb5 29. Bxg7+ Nxg7 30. Qxb5 b6 31. Rb1 h5 32. Qxb6 Qg5 33. h4
Qd2 34. a4 Ne6 35. Qb2+ Qxb2 36. Rxb2 Rd8 37. a5 Rd3 38. Ra2 Rd7 39. a6 Ra7 40.
Be2 Nc7 41. Kf3 Kg7 42. Ke4 Kf6 43. Kd4 g5 44. hxg5+ Kxg5 45. Ra5+ f5 46. f4+
Kf6 47. Kc5 Na8 48. Bf3 1-0

[Event "4NCL Division 4 South"]
[Site "Reading, ENG"]
[Date "2017.04.30"]
[Round "10.22"]
[White "Fowler, David"]
[Black "Villiers, Thomas"]
[Result "1/2-1/2"]
[WhiteElo "1897"]
[BlackElo "2245"]
[PlyCount "209"]
[EventDate "2017.04.30"]
[WhiteTeam "CSC Rhinos (2)"]
[BlackTeam "Barnet Knights 1"]

1. e4 d5 2. exd5 Qxd5 3. Nf3 Bg4 4. Be2 Nc6 5. Nc3 Qd7 6. d3 Nf6 7. Bf4 e6 8.
Ne5 Nxe5 9. Bxe5 Bxe2 10. Qxe2 Bd6 11. Bxf6 gxf6 12. Qf3 O-O-O 13. Qxf6 Rhg8
14. Qf3 Bb4 15. a3 Bxc3+ 16. bxc3 Rg5 17. O-O Rdg8 18. g3 Rf5 19. Qe4 h5 20.
Rab1 c6 21. Qa4 Kb8 22. Rb4 Rgg5 23. Rfb1 b6 24. Qa6 Rb5 25. a4 Rxb4 26. Rxb4
Re5 27. Rd4 Rd5 28. Re4 Rc5 29. Rd4 Qe8 30. Rh4 Rxc3 31. a5 b5 32. Rxh5 Rxc2
33. Rh4 Qc8 34. Qxc8+ Kxc8 35. Rb4 Ra2 36. h4 Ra4 37. Rb3 Kd7 38. h5 Ke7 39.
Rc3 Rxa5 40. Rxc6 b4 41. Rc7+ Kf6 42. Rb7 Ra1+ 43. Kg2 a5 44. Rb5 Ra3 45. g4
Rxd3 46. Rxa5 Rd5 47. Ra1 b3 48. Rb1 Rb5 49. f4 b2 50. Kf3 e5 51. fxe5+ Kxe5
52. Ke3 f6 53. h6 Rb7 54. Kf3 Rb3+ 55. Kg2 Rb8 56. h7 Kf4 57. h8=Q Rxh8 58.
Rxb2 Kxg4 59. Rb4+ Kg5 60. Ra4 Rb8 61. Kf2 Rb3 62. Rc4 Rh3 63. Ra4 Rd3 64. Rb4
Kf5 65. Ra4 Rd8 66. Kf3 Kg5 67. Rb4 f5 68. Ra4 Rd5 69. Ke2 Rb5 70. Kf3 Rb3+ 71.
Kf2 Rb1 72. Ra3 Kg4 73. Kg2 Rb2+ 74. Kf1 f4 75. Rc3 Ra2 76. Rb3 Ra1+ 77. Kf2
Rh1 78. Kg2 Rh8 79. Kf2 Rg8 80. Ra3 Kh4 81. Ra4 Kg4 82. Ra3 Rb8 83. Rc3 Rb2+
84. Kf1 Rb1+ 85. Kf2 Rb2+ 86. Kf1 f3 87. Rc8 Rb4 88. Rg8+ Kf4 89. Rf8+ Ke3 90.
Re8+ Kf4 91. Rf8+ Ke3 92. Re8+ Re4 93. Rxe4+ Kxe4 94. Kf2 Kf4 95. Kf1 Ke3 96.
Ke1 Kd4 97. Kf2 Ke4 98. Kf1 Kf4 99. Kf2 Kg4 100. Kf1 Kh3 101. Kf2 Kg4 102. Kf1
Kg3 103. Kg1 f2+ 104. Kf1 Kh2 105. Kxf2 1/2-1/2

[Event "4NCL Division 4 South"]
[Site "Reading, ENG"]
[Date "2017.04.30"]
[Round "10.23"]
[White "Brozel, Sacha"]
[Black "Lees, Fraser A"]
[Result "0-1"]
[WhiteElo "2132"]
[BlackElo "1860"]
[PlyCount "106"]
[EventDate "2017.04.30"]
[WhiteTeam "Barnet Knights 1"]
[BlackTeam "CSC Rhinos (2)"]

1. c4 Nf6 2. g3 g6 3. Bg2 Bg7 4. Nc3 O-O 5. e4 d6 6. Nge2 Nc6 7. O-O e5 8. d3
Bg4 9. h3 Bd7 10. Bg5 h6 11. Be3 Ne8 12. Qd2 Kh7 13. f4 Nd4 14. f5 Nxe2+ 15.
Nxe2 c5 16. h4 gxf5 17. exf5 Bc6 18. Nc3 Nf6 19. Ne4 Nxe4 20. dxe4 Qf6 21. Rad1
Rad8 22. Qe2 Qe7 23. f6 Bxf6 24. Bxh6 Kxh6 25. Rf5 Kh7 26. Qh5+ Kg8 27. Qg4+
Bg7 28. h5 Qe6 29. Qh4 Qh6 30. g4 f6 31. g5 fxg5 32. Rxg5 Kh8 33. Rg6 Qe3+ 34.
Kh1 Qf4 35. Qe7 Rd7 36. Qe6 Qh4+ 37. Kg1 Qf2+ 38. Kh1 Rf4 39. Rd3 Rh4+ 40. Rh3
Rxh3+ 41. Qxh3 Kh7 42. Qg4 Qf4 43. Qe2 Bf6 44. Rg4 Qc1+ 45. Kh2 Rg7 46. Rxg7+
Bxg7 47. Bf3 Qf4+ 48. Kh1 Bh6 49. b3 Qh4+ 50. Kg1 Qg3+ 51. Bg2 Be3+ 52. Kf1 Kh6
53. Bf3 Qg1# 0-1

[Event "4NCL Division 4 South"]
[Site "Reading, ENG"]
[Date "2017.04.30"]
[Round "10.24"]
[White "Cooke, Charlie"]
[Black "Eden, Tomer"]
[Result "0-1"]
[WhiteElo "1816"]
[BlackElo "2177"]
[PlyCount "98"]
[EventDate "2017.04.30"]
[WhiteTeam "CSC Rhinos (2)"]
[BlackTeam "Barnet Knights 1"]

1. d4 d6 2. c4 e5 3. dxe5 dxe5 4. Qxd8+ Kxd8 5. e4 Be6 6. Be3 c6 7. Bd3 Nd7 8.
b3 a5 9. Nc3 Bb4 10. Bd2 Nc5 11. Bc2 a4 12. Rb1 axb3 13. axb3 f6 14. Nge2 Ne7
15. O-O Kc8 16. Ra1 Rxa1 17. Rxa1 Kb8 18. Rd1 Rd8 19. Nb1 Bxd2 20. Rxd2 Re8 21.
Nbc3 Bf7 22. f3 Kc7 23. Kf2 Ra8 24. Bd1 Ng6 25. Ke3 Nf8 26. Ra2 Na6 27. Nc1 Ne6
28. Nd3 Rd8 29. Rd2 Kb6 30. Na4+ Ka5 31. Nc1 b5 32. Rxd8 Nxd8 33. cxb5 cxb5 34.
Nc3 Nc6 35. Nb1 Kb4 36. Nd3+ Ka5 37. Kd2 Nd4 38. Kc3 b4+ 39. Kb2 Kb5 40. Nd2
Nc5 41. Nc1 g5 42. g4 h5 43. h3 h4 44. Bc2 Nxc2 45. Kxc2 Ne6 46. Ne2 Kc5 47.
Kd3 Be8 48. Ke3 Bb5 49. Ng1 Nf4 0-1

[Event "4NCL Division 4 South"]
[Site "Reading, ENG"]
[Date "2017.04.30"]
[Round "10.25"]
[White "Ethelontis, Alexandros N"]
[Black "Towers, Nigel S"]
[Result "1-0"]
[WhiteElo "2140"]
[BlackElo "1800"]
[PlyCount "117"]
[EventDate "2017.04.30"]
[WhiteTeam "Barnet Knights 1"]
[BlackTeam "CSC Rhinos (2)"]

1. c4 e5 2. g3 Nf6 3. Bg2 c6 4. d4 exd4 5. Qxd4 d5 6. cxd5 cxd5 7. Nf3 Nc6 8.
Qa4 Be7 9. O-O O-O 10. Nc3 Be6 11. Bf4 Qb6 12. Nb5 Rac8 13. Be3 Bc5 14. Bxc5
Qxc5 15. Rac1 Qb6 16. Nd6 Rcd8 17. Nxb7 Qxb7 18. Qxc6 Qxb2 19. Rc2 Qb8 20. Qc7
Rd7 21. Qxb8 Rxb8 22. Nd4 Rdb7 23. h3 Rb2 24. Rfc1 Kf8 25. e3 Ke8 26. g4 h6 {
(=)} 27. Nb3 Rxc2 28. Rxc2 Rc8 29. Rxc8+ Bxc8 30. f4 Ke7 31. Nd4 Bd7 32. Kf2
Kd6 33. Kg3 Kc5 34. Bf3 Kc4 35. g5 Ne4+ 36. Bxe4 dxe4 37. h4 Kd3 38. Kf2 Kc3
39. f5 hxg5 40. h5 f6 41. Ne6 Be8 42. Nxg7 Bf7 43. h6 Bg8 44. Nh5 Bh7 45. Nxf6
Bxf5 46. h7 Bxh7 47. Nxh7 a5 48. Nxg5 Kb2 49. Nxe4 Kxa2 50. Ke2 Kb3 51. Kd3 Kb4
52. Nc3 Kc5 53. e4 Kd6 54. Kd4 Kc6 55. e5 Kd7 56. Kd5 Ke7 57. e6 Ke8 58. Kd6
Kd8 59. Na4 1-0

[Event "4NCL Division 4 South"]
[Site "Reading, ENG"]
[Date "2017.04.30"]
[Round "10.26"]
[White "Cresswell, Mike J"]
[Black "Pollack, Oscar"]
[Result "0-1"]
[WhiteElo "1701"]
[BlackElo "2042"]
[PlyCount "66"]
[EventDate "2017.04.30"]
[WhiteTeam "CSC Rhinos (2)"]
[BlackTeam "Barnet Knights 1"]

1. e4 e6 2. d4 d5 3. Nc3 Bb4 4. e5 c5 5. a3 Bxc3+ 6. bxc3 Qa5 7. Bd2 Qa4 8. Rb1
c4 9. Qc1 Na6 10. Ne2 Nc7 11. Ng3 h5 12. h4 Bd7 13. Be2 g6 14. Rb4 Qa6 15. O-O
Ne7 16. Qa1 Ba4 17. Rfb1 Bxc2 18. R1b2 Ba4 19. Rxb7 Nb5 20. Rxe7+ Kxe7 21. Bg5+
Kd7 22. Qc1 Qa5 23. Qf4 Rhf8 24. Qf6 Rae8 25. Rb4 Nxc3 26. Bxh5 gxh5 27. Rb7+
Kc8 28. Rxf7 Rxf7 29. Qxf7 Bd7 30. Nxh5 Ne4 31. Be3 Qxa3 32. Ng7 Qe7 33. Qg6
Rg8 0-1

[Event "4NCL Division 4 South"]
[Site "Reading, ENG"]
[Date "2017.04.30"]
[Round "10.31"]
[White "Lambourne, Dan M"]
[Black "Gilbert, Jonathan A"]
[Result "1/2-1/2"]
[WhiteElo "1989"]
[BlackElo "2105"]
[PlyCount "76"]
[EventDate "2017.04.30"]
[WhiteTeam "MK Phoenix 2"]
[BlackTeam "The Full Ponty"]

1. d4 Nf6 2. Nf3 c5 3. e3 cxd4 4. exd4 d5 5. Be2 Nc6 6. c3 Bf5 7. Bf4 e6 8. Ne5
Nd7 9. Nd3 Be7 10. Nd2 O-O 11. Nf3 Qb6 12. Qb3 Na5 13. Qxb6 Nxb6 14. O-O Nac4
15. b3 Nd6 16. Nc5 Ne4 17. Nxe4 Bxe4 18. Nd2 Bg6 19. c4 dxc4 20. Nxc4 Nd5 21.
Bd6 Rad8 22. Bxe7 Nxe7 23. Bf3 b5 24. Na3 b4 25. Nc4 Rxd4 26. Ne5 Bf5 27. Rfc1
f6 28. Nc4 Rfd8 29. h3 R8d7 30. Ne3 Bd3 31. Rc5 Be4 32. Be2 Kf7 33. Bb5 Rb7 34.
Ba6 Rb6 35. Bc4 Rb7 36. a3 bxa3 37. Rxa3 Bd3 38. Ra6 Bxc4 1/2-1/2

[Event "4NCL Division 4 South"]
[Site "Reading, ENG"]
[Date "2017.04.30"]
[Round "10.32"]
[White "Sully, David"]
[Black "Brown, Alan M"]
[Result "1/2-1/2"]
[WhiteElo "2129"]
[BlackElo "1970"]
[PlyCount "121"]
[EventDate "2017.04.30"]
[WhiteTeam "The Full Ponty"]
[BlackTeam "MK Phoenix 2"]

1. e4 e6 2. d4 d5 3. e5 c5 4. c3 Qb6 5. a3 Nc6 6. Nf3 c4 7. Nbd2 Na5 8. g3 Bd7
9. h4 Ne7 10. Bh3 Nec6 11. O-O Be7 12. Re1 h6 13. Rb1 Rc8 14. Kg2 Nb8 15. Qc2
Nb3 16. Nxb3 Ba4 17. Nfd2 Nc6 18. Qd1 cxb3 19. Qg4 Kf8 20. h5 Na5 21. Re3 Bb5
22. Rf3 Bd7 23. Nf1 Nc4 24. Ne3 Nxe3+ 25. Bxe3 Qd8 26. Qg6 Bf6 27. Qd3 Be7 28.
Re1 Qe8 29. Qd1 Rc6 30. Qxb3 Rb6 31. Qc2 a5 32. b4 axb4 33. axb4 Rc6 34. Qd2
Qc8 35. Bf4 Ke8 36. Ra1 Rf8 37. Ra3 f5 38. exf6 Rxf6 39. Be5 Rxf3 40. Kxf3 Bf8
41. Kg2 Kf7 42. Bg4 Kg8 43. Be2 Qe8 44. Ra7 Qc8 45. Bb5 Rb6 46. Bxd7 Qxd7 47.
Ra8 Rc6 48. Qf4 Rc8 49. Rxc8 Qxc8 50. Bd6 Bxd6 51. Qxd6 Qxc3 52. Qxe6+ Kh8 53.
Qxd5 Qxb4 54. Qc5 Qb1 55. Qf8+ Kh7 56. Qf3 Qb4 57. d5 Kg8 58. Qf5 Qe7 59. Qf4
Qd7 60. d6 b5 61. Qb4 1/2-1/2

[Event "4NCL Division 4 South"]
[Site "Reading, ENG"]
[Date "2017.04.30"]
[Round "10.33"]
[White "Williamson, Kevin J"]
[Black "Davis, Lee"]
[Result "0-1"]
[WhiteElo "1938"]
[BlackElo "2030"]
[PlyCount "88"]
[EventDate "2017.04.30"]
[WhiteTeam "MK Phoenix 2"]
[BlackTeam "The Full Ponty"]

1. d4 Nf6 2. Nf3 g6 3. Nbd2 Bg7 4. e4 d6 5. Bd3 O-O 6. O-O Nc6 7. c3 e5 8. h3
Nd7 9. Nb3 a5 10. a4 exd4 11. Nbxd4 Nde5 12. Nxc6 Nxf3+ 13. Qxf3 bxc6 14. Be3
Rb8 15. Qe2 c5 16. f4 Re8 17. Rae1 Bb7 18. Bc1 Bc6 19. Qd1 Qd7 20. Bc2 c4 21.
f5 d5 22. f6 Bf8 23. e5 Re6 24. Qg4 Rbe8 25. Bf5 Bxa4 26. Bxe6 Rxe6 27. h4 Bc2
28. h5 Bc5+ 29. Kh1 Qe8 30. hxg6 Bxg6 31. Qg5 d4 32. Rf4 dxc3 33. bxc3 Bd6 34.
Rfe4 a4 35. R4e3 Bf8 36. Rh3 Rb6 37. Bf4 a3 38. Ra1 Rb3 39. Qg3 Bc5 40. Bh6 a2
41. Be3 Bxe3 42. Qxe3 Rb1+ 43. Kh2 Rxa1 44. Rg3 Rf1 0-1

[Event "4NCL Division 4 South"]
[Site "Reading, ENG"]
[Date "2017.04.30"]
[Round "10.34"]
[White "Davies, Peter"]
[Black "Valentine, Brian J"]
[Result "1/2-1/2"]
[WhiteElo "2021"]
[BlackElo "1943"]
[PlyCount "64"]
[EventDate "2017.04.30"]
[WhiteTeam "The Full Ponty"]
[BlackTeam "MK Phoenix 2"]

1. Nf3 Nf6 2. c4 c5 3. g3 g6 4. b3 Bg7 5. Bb2 O-O 6. Bg2 Nc6 7. O-O a6 8. d4
cxd4 9. Nxd4 Qc7 10. Nc3 d6 11. Qd2 Rb8 12. Rac1 Bd7 13. Nd5 Qd8 14. Nxf6+ Bxf6
15. Nxc6 Bxc6 16. Bxf6 Bxg2 17. Kxg2 exf6 18. Rfd1 Qe7 19. e3 Rbd8 20. Qd5 f5
21. Rd4 Qc7 22. Rcd1 b6 23. e4 fxe4 24. Rxe4 Qc5 25. Re7 b5 26. cxb5 axb5 27.
Qxc5 dxc5 28. Rxd8 Rxd8 29. Rc7 Rd5 30. a4 bxa4 31. bxa4 Kg7 32. a5 c4 1/2-1/2

[Event "4NCL Division 4 South"]
[Site "Reading, ENG"]
[Date "2017.04.30"]
[Round "10.35"]
[White "Adebajo, Olufemi"]
[Black "Perrett, David C"]
[Result "1/2-1/2"]
[WhiteElo "1918"]
[BlackElo "1957"]
[PlyCount "56"]
[EventDate "2017.04.30"]
[WhiteTeam "MK Phoenix 2"]
[BlackTeam "The Full Ponty"]

1. d4 f5 2. c4 Nf6 3. g3 g6 4. Bg2 Bg7 5. Nf3 c6 6. O-O d6 7. Nc3 O-O 8. Qd3
Qe8 9. d5 Bd7 10. Bg5 Na6 11. Qd2 Nc5 12. Bh6 Nce4 13. Qc1 Nxc3 14. bxc3 e5 15.
dxe6 Bxe6 16. Bxg7 Kxg7 17. Qf4 Qe7 18. Ng5 Bg8 19. Rab1 h6 20. Nh3 Ne4 21. Qe3
Rfe8 22. Qd4+ Nf6 23. Rfd1 Red8 24. Nf4 Rd7 25. h4 Qf7 26. c5 d5 27. Bf3 Re8
28. a4 Kh7 1/2-1/2

[Event "4NCL Division 4 South"]
[Site "Reading, ENG"]
[Date "2017.04.30"]
[Round "10.36"]
[White "Thomas, Gary"]
[Black "Whiteside, Robert"]
[Result "1/2-1/2"]
[WhiteElo "1945"]
[BlackElo "1824"]
[PlyCount "85"]
[EventDate "2017.04.30"]
[WhiteTeam "The Full Ponty"]
[BlackTeam "MK Phoenix 2"]

1. e4 e6 2. d3 c5 3. Nf3 Nc6 4. c3 Nf6 5. Be2 Be7 6. Nbd2 O-O 7. O-O b6 8. Re1
Bb7 9. b3 Qc7 10. Bb2 d5 11. a3 Rad8 12. Qc2 Ne5 13. Nxe5 Qxe5 14. c4 d4 15.
Nf3 Qc7 16. Qd2 Nd7 17. Bf1 Bd6 18. h3 Ne5 19. Nxe5 Bxe5 20. g3 f5 21. f4 fxe4
22. dxe4 Bd6 23. Bg2 e5 24. f5 Qf7 25. Bc1 Kh8 26. Rf1 b5 27. Qa5 bxc4 28. bxc4
Qxc4 29. Bg5 Ra8 30. f6 Qa6 31. fxg7+ Kxg7 32. Qd2 Kg8 33. Bf6 Rf7 34. Qg5+ Kf8
35. Bg7+ Ke8 36. Rxf7 Kxf7 37. Rf1+ Ke8 38. Qh5+ Kd7 39. Qf7+ Be7 40. h4 Qe6
41. Qh5 Qg6 42. Qxe5 Bd6 43. Qf5+ 1/2-1/2

[Event "4NCL Division 4 South"]
[Site "Reading, ENG"]
[Date "2017.04.30"]
[Round "10.41"]
[White "Gregory, Stephen J"]
[Black "Taylor, William J"]
[Result "0-1"]
[WhiteElo "2095"]
[BlackElo "2065"]
[PlyCount "74"]
[EventDate "2017.04.30"]
[WhiteTeam "Anglian Avengers 3"]
[BlackTeam "West is Best 2"]

1. e4 e5 2. Bc4 Nf6 3. Qe2 Bc5 4. Nf3 O-O 5. d3 c6 6. c3 Re8 7. Nbd2 d5 8. Bb3
a5 9. h3 a4 10. Bc2 Nbd7 11. Nf1 Nf8 12. g3 Ng6 13. Nh4 Nxh4 14. gxh4 Be6 15.
Ng3 Kh8 16. h5 h6 17. f4 exf4 18. Bxf4 dxe4 19. dxe4 Bd6 20. Bxd6 Qxd6 21. e5
Qc7 22. O-O-O Bxa2 23. Rhe1 Bb3 24. Nf5 Bxc2 25. Kxc2 Nd5 26. Qg4 Rg8 27. e6
Rae8 28. exf7 Qxf7 29. Kb1 Nxc3+ 30. bxc3 Qb3+ 31. Ka1 Qxc3+ 32. Ka2 Qb3+ 33.
Ka1 Qc3+ 34. Ka2 Rxe1 35. Rxe1 Qxe1 36. h4 Qd2+ 37. Kb1 a3 0-1

[Event "4NCL Division 4 South"]
[Site "Reading, ENG"]
[Date "2017.04.30"]
[Round "10.42"]
[White "Spencer, Douglas"]
[Black "Burnett, Leon P"]
[Result "1/2-1/2"]
[WhiteElo "2022"]
[BlackElo "2005"]
[PlyCount "56"]
[EventDate "2017.04.30"]
[WhiteTeam "West is Best 2"]
[BlackTeam "Anglian Avengers 3"]

1. d4 Nf6 2. Nf3 e6 3. Bf4 d6 4. e3 Be7 5. Bd3 Nh5 6. Bg3 Nd7 7. c3 Bf6 8. Nbd2
Nxg3 9. hxg3 h6 10. Qc2 c6 11. Ne4 Be7 12. c4 Qc7 13. O-O O-O 14. Nc3 a5 15. a3
b6 16. Rfe1 Bb7 17. Bf1 Rfe8 {(=)} 18. e4 e5 19. Qd1 Bf8 20. Rc1 {(=)} exd4 21.
Nxd4 Nf6 22. Bd3 Rad8 23. Qb3 Nd7 24. Qc2 Bc8 25. Bf1 Nc5 26. b4 axb4 27. axb4
Ne6 28. Nxe6 Bxe6 1/2-1/2

[Event "4NCL Division 4 South"]
[Site "Reading, ENG"]
[Date "2017.04.30"]
[Round "10.43"]
[White "Cocks, Elliot"]
[Black "Davies, Matthew"]
[Result "1-0"]
[WhiteElo "1990"]
[BlackElo "1958"]
[PlyCount "61"]
[EventDate "2017.04.30"]
[WhiteTeam "Anglian Avengers 3"]
[BlackTeam "West is Best 2"]

1. Nf3 d5 2. c4 c6 3. e3 Nf6 4. Nc3 e6 5. d4 Nbd7 6. Qc2 Bd6 7. Bd3 O-O 8. O-O
b6 9. e4 dxe4 10. Nxe4 Be7 11. Ne5 Nxe5 12. dxe5 Nd7 13. Bf4 g6 14. Rad1 Qc7
15. Nd6 Bxd6 16. exd6 Qd8 17. Be4 Bb7 18. b4 a5 19. a3 Ra7 20. c5 f5 21. Bd3 b5
22. Rfe1 Qf6 23. Qb3 Re8 24. Re2 axb4 25. axb4 Ra1 26. Rde1 Rxe1+ 27. Rxe1 Qf7
28. Qb2 Qf6 29. Qxf6 Nxf6 30. Bg5 Nd5 31. d7 1-0

[Event "4NCL Division 4 South"]
[Site "Reading, ENG"]
[Date "2017.04.30"]
[Round "10.44"]
[White "Gregory, Andrew M"]
[Black "Lunn, Timothy"]
[Result "1-0"]
[WhiteElo "1940"]
[BlackElo "1937"]
[PlyCount "57"]
[EventDate "2017.04.30"]
[WhiteTeam "West is Best 2"]
[BlackTeam "Anglian Avengers 3"]

1. b3 e5 2. Bb2 Nc6 3. g3 d5 4. Bg2 Nf6 5. e3 Bd6 6. Ne2 O-O 7. O-O Be6 8. d3
Qd7 9. Nd2 Bh3 10. a3 Rfe8 11. c4 Bxg2 12. Kxg2 Rad8 13. Qc2 dxc4 14. Nxc4 Bf8
15. Rad1 Re6 16. e4 b5 17. Ne3 Rd6 18. Nc1 g6 19. f4 Nd4 20. Qf2 exf4 21. Qxf4
Nh5 22. Qf2 Rf6 23. Qe1 Rc6 24. Nd5 Rc2+ 25. Rf2 Rxf2+ 26. Qxf2 c6 27. Qxd4 Bg7
28. Qxg7+ Nxg7 29. Nf6+ 1-0

[Event "4NCL Division 4 South"]
[Site "Reading, ENG"]
[Date "2017.04.30"]
[Round "10.45"]
[White "Hall, Antony C"]
[Black "Melsom, Jonathan T"]
[Result "1/2-1/2"]
[WhiteElo "1900"]
[BlackElo "1698"]
[PlyCount "24"]
[EventDate "2017.04.30"]
[WhiteTeam "Anglian Avengers 3"]
[BlackTeam "West is Best 2"]

1. Nf3 e6 2. b3 Nf6 3. Bb2 d5 4. e3 c5 5. Be2 Bd6 6. O-O O-O 7. d4 Nbd7 8. Nbd2
Qc7 9. h3 b6 10. Rc1 e5 11. dxe5 Nxe5 12. c4 Bb7 1/2-1/2

[Event "4NCL Division 4 South"]
[Site "Reading, ENG"]
[Date "2017.04.30"]
[Round "10.46"]
[White "Eckert, Jonathan"]
[Black "Woodcock, Keith D"]
[Result "1-0"]
[WhiteElo "1594"]
[BlackElo "1690"]
[PlyCount "49"]
[EventDate "2017.04.30"]
[WhiteTeam "West is Best 2"]
[BlackTeam "Anglian Avengers 3"]

1. e4 c5 2. Nc3 g6 3. f4 Bg7 4. Nf3 Nc6 5. Bb5 Nf6 6. d3 d6 7. Bxc6+ bxc6 8.
O-O O-O 9. Qe1 Rb8 10. f5 gxf5 11. Qh4 e5 12. Rb1 f4 13. g3 Qd7 14. gxf4 exf4
15. Bxf4 Rd8 16. Bg5 Qg4+ 17. Kh1 Qxh4 18. Nxh4 Ng4 19. Bxd8 Ne3 20. Rg1 Kf8
21. Bc7 Rb7 22. Bxd6+ Kg8 23. Bxc5 Ng4 24. Nf5 Bxf5 25. exf5 1-0